000 00419nam a2200157Ia 4500
008 230312s9999||||xx |||||||||||||| ||und||
020 _a0-0324-02100-3
082 _a658.4
_bDAF
100 _aDaft Richard L
245 0 _aOrganizaion Theory and Design
260 _bSouth-Western
_aAustralia
_c2001
300 _a630
546 _aEng.
650 _aManagement
_vorganizational purpose and structural design
942 _cBK
999 _c591
_d591